Warhammer 40K - Astra Militarum - Statistics

General Stats
  • This quiz has been taken 109 times
  • The average score is 35 of 60
Answer Stats
Hint Answer % Correct
Aegis Defence Line
82%
Krieg Command Squad
80%
Valkyrie
80%
Cadian Command Squad
78%
Catachan Jungle Fighters
78%
Cadian Shock Troops
76%
Catachan Heavy Weapons Squad
76%
Lord Castellan Ursula Creed
76%
Ogryns
76%
Scout Sentinel
76%
Commissar
75%
Krieg Death Riders
75%
Leman Russ Battle Tank
75%
Sly Marbo
75%
Armoured Sentinel
73%
Attilan Rough Riders
73%
Catachan Command Squad
73%
Gaunt's Ghosts
73%
Krieg Combat Engineers
73%
Lord Solar Leontus
73%
Basilisk
71%
Field Ordnance Battery
71%
Primaris Psyker
71%
Cadian Castellan
69%
Kasrkin Kill Team
69%
Krieg Artillery Team
69%
Krieg Heavy Weapons Squad
69%
Taurox
69%
Bullgryns
65%
Chimera
65%
Heavy Weapons Squad
64%
Lord Marshal Dreir
64%
Tech-Priest Engineer
64%
Baneblade
62%
Taurox Prime
62%
Death Korps Kill Team
60%
Hydra
60%
Rogal Dorn Battle Tank
60%
Tempestus Aquilons Kill Team
60%
Militarum Tempestus Scions Command Squad
58%
Cyclops Demolition Vehicle
51%
Titan Tech-Priest Engineer
51%
Militarum Tempestus Scions
49%
Deathstrike
47%
Manticore
45%
Nork Deddog
45%
Gorgon Armoured Assault Transport
44%
Hellhound
42%
Imperial Navy Thunderbolt Heavy Fighter
42%
Imperial Navy Avenger Strike Fighter
38%
Stormlord
38%
Wyvern
35%
Banehammer
33%
Malcador Defender
33%
Shadowsword
31%
Banesword
27%
Hellhammer
22%
Solar Auxilia Stormhammer
18%
Doomhammer
16%
Stormsword
9%
No matching quizzes found
Score Distribution
Percent of People with Each Score
Percentile by Number Answered
Your Score History
You have not taken this quiz